Antología del verdadero cuento en Chile

Saved in:
Bibliographic Details
Main Author: Serrano Fernández, Miguel (Author)
Format: Book
Language:Spanish
Published: Santiago Be-uve-dráis 2000
Edition:2a. ed
Subjects:
Tags: Add Tag
No Tags, Be the first to tag this record!

MARC

LEADER 00000nam a2200000 a 4500
001 UCO8971
003 CL-VaPUC
008 010112e20000000CL |||||||||||||||||spa|d
020 |a 9567878129 
082 0 4 |a Ch863  |b SER  |2 21 
100 0 |a Serrano Fernández, Miguel  |e author  |9 454001 
245 1 0 |a Antología del verdadero cuento en Chile 
250 |a 2a. ed 
300 |a 220 p 
942 |c BK 
945 |d 20010112 00:00:00  |a vberengu 
260 |a Santiago  |b Be-uve-dráis  |c 2000 
650 0 |a Cuentos chilenos   |9 308280 
650 7 |a CUENTOS CHILENOS CONTEMPORANEOS  |2 CL-VaPUC  |9 454002 
583 |a last modification  |c 20010112 00:00:00  |k Rodrigo Vera 
999 |c 293385  |d 293383 
952 |0 0  |1 0  |4 0  |6 CH_863_000000000000000_SER_2000  |7 0  |8 A  |9 344865  |a FDOPOS  |b FDOPOS  |d 2019-11-20  |i 3683893  |o Ch863 SER 2000  |p 3683893  |r 2025-01-22  |w 2019-11-20  |y BK  |k MLH 
952 |0 0  |1 0  |4 0  |6 CH_863_000000000000000_SER_2000  |7 0  |8 A  |9 344866  |a FDOPOS  |b FDOPOS  |d 2019-11-20  |i 369268K  |o Ch863 SER 2000  |p 369268K  |r 2025-01-22  |w 2019-11-20  |y BK  |k MLH 
952 |0 0  |1 0  |4 0  |6 CH_863_000000000000000_SER_2000  |7 0  |8 A  |9 344867  |a FDOPOS  |b FDOPOS  |d 2019-11-20  |i 3880966  |o Ch863 SER 2000  |p 3880966  |r 2025-01-22  |w 2019-11-20  |y BK  |k MLH 
952 |0 0  |1 0  |4 0  |6 CH_863_000000000000000_SER_2000  |7 0  |8 A  |9 344868  |a FDOPOS  |b FDOPOS  |d 2019-11-20  |i 4177061  |o Ch863 SER 2000  |p 4177061  |r 2025-01-22  |w 2019-11-20  |y BK  |k MLH